Environmental law dimensions of human rights /
Salvato in:
| Altri autori: | |
|---|---|
| Natura: | Libro |
| Pubblicazione: |
Oxford
Oxford University Press, Oxford,
2015.
|
| Edizione: | First edition. |
| Soggetti: | |
| Accesso online: | http://www.loc.gov/catdir/enhancements/fy1604/2014951234-b.html http://www.loc.gov/catdir/enhancements/fy1604/2014951234-d.html http://www.loc.gov/catdir/enhancements/fy1604/2014951234-t.html |
| Tags: |
Aggiungi Tag
Nessun Tag, puoi essere il primo ad aggiungerne!!
|
MARC
| LEADER | 00000cam a2200000 i 4500 | ||
|---|---|---|---|
| 020 | |a 0198736142 |c Tzs 120,000/= | ||
| 020 | |a 9780198736141 | ||
| 040 | |a MULIB |b eng |e rda | ||
| 082 | |a 341.48 ENV | ||
| 245 | 0 | 0 | |a Environmental law dimensions of human rights / |c edited by Ben Boer. |
| 250 | |a First edition. | ||
| 260 | |a Oxford |b Oxford University Press, Oxford, |c 2015. | ||
| 300 | |a xxvi, 246 pages ; |c 24 cm. |b ill.; | ||
| 504 | |a Includes bibliographical references and index. | ||
| 650 | 0 | |a Environmental law. | |
| 650 | 0 | |a Environmental justice. | |
| 650 | 0 | |a Environmental ethics. | |
| 650 | 0 | |a Human rights. | |
| 700 | 1 | |a Boer, Ben, | |
| 856 | 4 | 2 | |u http://www.loc.gov/catdir/enhancements/fy1604/2014951234-b.html |
| 856 | 4 | 2 | |u http://www.loc.gov/catdir/enhancements/fy1604/2014951234-d.html |
| 856 | 4 | 1 | |u http://www.loc.gov/catdir/enhancements/fy1604/2014951234-t.html |
| 942 | |c BK | ||
| 999 | |c 10785 |d 10785 | ||